000 00756cam a2200157 4500500
005 20260329010807.0
041 _afre
042 _adc
100 1 0 _aMambrino, Jean
_eauthor
245 0 0 _aThéâtre
260 _c2002.
500 _a87
520 _aRésuméSi, depuis le Nouveau Roman, la modernité semble avoir privé le roman de sa vocation narrative, le Policier, tout au contraire, assume pleinement cette fonction fondamentale de la littérature. Les auteurs de Policiers paraissent, de nos jours, être les seuls à savoir encore ce que raconter une histoire veut dire.
786 0 _nÉtudes | 397 | 11 | 2002-11-01 | p. 539-543 | 0014-1941
856 4 1 _uhttps://shs.cairn.info/revue-etudes-2002-11-page-539?lang=fr&redirect-ssocas=7080
999 _c1855878
_d1855878